000 00580nam a2200217Ia 4500
003 OSt
005 20220926045907.0
006 a|||||r|||| 00| 0
007 ta
008 220923b |||||||| |||| 00| 0 eng d
037 _cGeneral Book
040 _aRTL
_cRTL
_beng
041 _2eng
_aeng
082 _aY31:7:7.436, N9/TD
100 _aMurray Li Tania
_9350751
245 0 _aTransforming the Indonesian uplands
260 _c1999
300 _axxiii,319p
_ccm.
942 _hY31:7:7.436, N9/TD
_cGB
_2CC
999 _c678933
_d678933